MSVTI '82 zborník z konferencie konanej v dňoch 4.-5. novembra 1982 v Piešťanoch
Salvato in:
| Natura: | Libro |
|---|---|
| Lingua: | slovacco |
| Pubblicazione: |
Bratislava
Slovenská technická knižnica
1983
|
| Tags: |
Nessun Tag, puoi essere il primo ad aggiungerne!!
|
MARC
| LEADER | 00000nam a2200000 4500 | ||
|---|---|---|---|
| 001 | c115077 | ||
| 005 | 20221220090729.3 | ||
| 041 | 0 | |a slo | |
| 044 | |a SK | ||
| 245 | 1 | 0 | |a MSVTI '82 |b zborník z konferencie konanej v dňoch 4.-5. novembra 1982 v Piešťanoch |
| 264 | 1 | |a Bratislava |b Slovenská technická knižnica |c 1983 | |
| 300 | |a 138 s. | ||